Správa verzií záznamov v relačných databázach

Guardado en:
Detalles Bibliográficos
Autor principal: Ország, Miloš, 1984- (Autor)
Otros Autores: Máté, Ján, 1981- (Orientador)
Formato: Manuscrito Libro
Lenguaje:eslovaco
Publicado: STU v Bratislave FIIT, 2009
Materias:
Etiquetas: Agregar Etiqueta
Sin Etiquetas, Sea el primero en etiquetar este registro!

MARC

LEADER 00000ntm a22000003a 4500
001 stu191595
005 20180417124731.8
008 091006s2009----xo------------------slo-d
040 |a STU  |b slo 
041 0 |a slo 
044 |a xo 
100 1 |a Ország, Miloš,  |d 1984-  |4 aut  |u I200  |U FIIT Fakulta informatiky a informačných technológií  |T FIIT Ústav informatiky a softvérového inžinierstva  |X 21974  |U I200  |Y 179  |7 A000021974 
245 1 |a Správa verzií záznamov v relačných databázach 
260 |b STU v Bratislave FIIT,  |c 2009 
300 |a 76 s  |c príl. 
650 7 |a informačné systémy  |2 stusub 
700 1 |a Máté, Ján,  |d 1981-  |4 ths  |u I200  |U FIIT Fakulta informatiky a informačných technológií  |T FIIT Ústav informatiky a softvérového inžinierstva  |X 10328  |U I200  |Y 179  |7 A000010328 
996 |c I*DP75/09  |l II680  |s P  |a 0  |w stu191595_0001